Southville International School and Colleges
Your cart is empty.
  • Cart
  • Lists
    Public lists Eva Luna New books Lux_list list_1
    Your lists Log in to create your own lists
  • Log in to your account
  • Your cookies
  • Search history
Southville International School and Colleges
  • Advanced search
  • Recent comments
  • Most popular
  • Libraries

Log in to your account

Log in with GOOGLE


If you do not have an external account, but do have a local account, you can still log in:

  1. Home
  2. MARC view: Twenty love poems and a song of despair /
Normal view MARC view ISBD view

Twenty love poems and a song of despair / (Record no. 2316)

[ view plain ]
MARC details
000 -LEADER
fixed length control field 00541nam a22002057a 4500
003 - CONTROL NUMBER IDENTIFIER
control field UUm
005 - DATE AND TIME OF LATEST TRANSACTION
control field 20151029095129.0
008 - FIXED-LENGTH DATA ELEMENTS--GENERAL INFORMATION
fixed length control field 130311t xxu||||| |||| 00| 0 eng d
020 ## - INTERNATIONAL STANDARD BOOK NUMBER
International Standard Book Number 0224012061 (pbk.)
050 ## - LIBRARY OF CONGRESS CALL NUMBER
Classification number PQ 8097
Item number .N454 1969
082 ## - DEWEY DECIMAL CLASSIFICATION NUMBER
Classification number IB 861
Item number N35t 1993
100 ## - MAIN ENTRY--PERSONAL NAME
Personal name Neruda, Pablo
245 ## - TITLE STATEMENT
Title Twenty love poems and a song of despair /
Statement of responsibility, etc Pablo Neruda, translated by W.S. Merwin.
260 ## - PUBLICATION, DISTRIBUTION, ETC. (IMPRINT)
Place of publication, distribution, etc London
Name of publisher, distributor, etc Cape
Date of publication, distribution, etc 1969
300 ## - PHYSICAL DESCRIPTION
Extent 69 p. ;
Dimensions 19 cm.
562 ## - COPY AND VERSION IDENTIFICATION NOTE
Number of copies 1
942 ## - ADDED ENTRY ELEMENTS (KOHA)
Source of classification or shelving scheme Library of Congress Classification
Koha item type Books
Holdings
Withdrawn status Lost status Source of classification or shelving scheme Damaged status Home library Current library Shelving location Date acquired Total Checkouts Full call number Barcode Date last seen Copy number Price effective from Koha item type Source of acquisition Date checked out
    Library of Congress Classification   Luxembourg Library Luxembourg Library International Baccalaureate Section 03/11/2013   PQ 8097 .N454 1969 13718 08/13/2013 1 10/03/2013 Books    
    Library of Congress Classification   Luxembourg Library Luxembourg Library Classic Section 06/24/2013 1 PQ 8097 .N454 1969 13717 05/02/2019 2 06/24/2013 Books Donation 04/11/2019

Twenty love poems and a song of despair /

APA

Neruda P., . (1969). Twenty love poems and a song of despair. London: Cape.

Chicago

Neruda Pablo, . 1969. Twenty love poems and a song of despair. London: Cape.

Harvard

Neruda P., . (1969). Twenty love poems and a song of despair. London: Cape.

MLA

Neruda Pablo, . Twenty love poems and a song of despair. London: Cape. 1969.

  • Place hold
  • Print
  • Cite
  • Add to your cart (remove)
  • Save record
    BIBTEX Dublin Core MARCXML MARC (non-Unicode/MARC-8) MARC (Unicode/UTF-8) MARC (Unicode/UTF-8, Standard) MODS (XML) RIS
  • More searches
    Search for this title in:
    Other Libraries (WorldCat) Other Databases (Google Scholar) Online Stores (Bookfinder.com) Open Library (openlibrary.org)

Exporting to Dublin Core...

SOUTHVILLE LIBRARY

Southville International School and Colleges Library

1281 Tropical Ave. Cor. Luxembourg St., BF Homes International, Las Pinas City

Tel. No. 8256374 / 252358 Loc. 117/146

Powered by Koha